| 000 | 00660nam a22001937a 4500 | ||
|---|---|---|---|
| 999 |
_c181104 _d181104 |
||
| 005 | 20210831165410.0 | ||
| 010 | _aUR-11219 | ||
| 020 |
_c300.00 _a9789390100583 |
||
| 035 | _aU-9774 | ||
| 037 | _bDBAD/PUB | ||
| 082 | _a841 | ||
| 100 | _aمحمد عا لم صد يقی | ||
| 245 |
_aر شک قمر ا گر نہ ہو _cمحمد عا لم صد يقی |
||
| 246 |
_aRashke Qamar Agar Na Ho (Urdu) _bbyMohd. Alam Siddiqui |
||
| 260 |
_aDelhi _c2020 ء _bEducational Publishing House |
||
| 270 |
_a3191,Vakil Street, Kucha Pandit Lal Kuan, _b Delhi _e110006 _l23216162 |
||
| 300 |
_a236 ص _c22 Cm(Hb) |
||
| 942 |
_2ddc _cUR _h841 _mص د ی |
||